000 00815nam a2200217 a 4500
001 BRCA_6074
005 20190320205325.0
008 120608s2000----mx-a---###---#000-0#spa-#
050 4 _aF1386.2
_b.S65 2000
100 1 _aSolé Peñalosa, Guillermina
_915350
245 1 0 _aEstampas virreinales
_bel traje civil y las artes aplicadas en la vida cotidiana de la Ciudad de México en el siglo XVIII.
260 _aCiudad de México
_c2000
300 _a146 p.
_bil., 13 láminas
502 _aTesis Licenciatura (Licenciado en Historia) Instituto Cultural Helénico
650 1 4 _aRopa y vestidos
_ySiglo XVIII
_zCiudad de México
_915351
651 4 _aCiudad de México
_xVida social y costumbres
_915352
653 0 _aVida cotidiana
700 1 _aGrajales, Manuel
_easesor
_915353
902 _aTES
942 _2lcc
_cTES
999 _c5761
_d5761